00390naa a2200157 a 450000100080000000500110000800800410001910000180006024500410007826000090011965000120012865300170014070000200015770000180017777300370019516056761995-06-27 1966 bl --- 0-- u #d1 aKRAMER, P. J. aTerminology of cell water relations. c1966 aMétodo aAGUA NO SOLO1 aKNIPLING, E. B.1 aMILLER, L. N. tSciencegv.153, p.889-890, 1966.